[Event "Mogliano Veneto op 42nd"]
[Site "Mogliano Veneto"]
[Date "2021.04.24"]
[Round "2"]
[White "Rodella, Edoardo"]
[Black "Basso, Pier Luigi"]
[Result "0-1"]
[WhiteElo "1617"]
[BlackElo "2552"]
[PlyCount "80"]
[EventDate "2021.04.23"]
[EventType "swiss"]
[EventRounds "5"]
[EventCountry "ITA"]
[SourceTitle "EXT 2023"]
[Source "ChessBase"]
[SourceDate "2022.10.05"]
[SourceVersion "1"]
[SourceVersionDate "2022.10.05"]
[SourceQuality "1"]

1. c4 c6 2. d4 Nf6 3. Nf3 d5 4. Nc3 e6 5. e3 Nbd7 6. cxd5 exd5 7. Be2 Bd6 8. 0-0 0-0 9. Qc2 Re8 10. b3 Qe7 11. a3 Ne4 12. Nxe4 dxe4 13. Ne1 Nf6 14. f4 exf3 15. Bxf3 Bg4 16. Bd2 Bxf3 17. gxf3 Nd5 18. Ng2 Qc7 19. f4 Nf6 20. Rf3 Re4 21. b4 Rae8 22. Re1 Nd5 23. Kf2 Qe7 24. Qc1 Kh8 25. Rg3 f6 26. h4 Qf7 27. Rf3 Ne7 28. Rh1 h5 29. Qd1 Nf5 30. Rhh3 Nh6 31. Rfg3 Ng4+ 32. Rxg4 hxg4 33. Qxg4 Qa2 34. Ke2 Kg8 35. Qd7 Bf8 36. h5 R8e7 37. Qd8 Qe6 38. Rh1 Rd7 39. Qa5 Rdxd4 40. Be1 Qg4+ 0-1

[Event "Mestre Sheraton op-B 1st"]
[Site "Mestre"]
[Date "2021.02.26"]
[Round "1"]
[White "Rodella, Edoardo"]
[Black "Mar, Tomas"]
[Result "1-0"]
[WhiteElo "1431"]
[BlackElo "1700"]
[PlyCount "75"]
[EventDate "2021.02.26"]
[EventType "swiss"]
[EventRounds "5"]
[EventCountry "ITA"]
[SourceTitle "EXT 2023"]
[Source "ChessBase"]
[SourceDate "2022.10.05"]
[SourceVersion "1"]
[SourceVersionDate "2022.10.05"]
[SourceQuality "1"]

1. c4 Nf6 2. Nc3 g6 3. d3 Bg7 4. e4 d6 5. g3 0-0 6. Bg2 c5 7. Nge2 Nc6 8. 0-0 Bg4 9. f3 Bd7 10. Be3 Qc8 11. Rf2 a6 12. Rb1 b5 13. b3 b4 14. Nd5 Qb7 15. d4 cxd4 16. Nxd4 Nxd5 17. exd5 Ne5 18. h3 Be8 19. f4 Nd7 20. Ne6 a5 21. Nxf8 Kxf8 22. Bd4 Nc5 23. Bxg7+ Kxg7 24. Qd4+ Kg8 25. f5 f6 26. Be4 Nxe4 27. Qxe4 Kg7 28. Re1 Ra7 29. Rfe2 Kf8 30. h4 gxf5 31. Qxf5 Bg6 32. Qf4 Qb6+ 33. Kh2 a4 34. g4 axb3 35. axb3 Kf7 36. g5 Bd3 37. Re3 Bc2 38. Rxe7+ 1-0